Operations and supply management /

Enregistré dans:
Détails bibliographiques
Auteur principal: Jacobs, F. Robert
Autres auteurs: Chase, Richard B., Aquilano, Nicholas J.
Format: Livre
Publié: Boston : McGraw-Hill-Irwin 2009.
Édition:12th ed.
Collection:McGraw-Hill-Irwin seris Operations and decision sciences
Sujets:
Tags: Ajouter un tag
Pas de tags, Soyez le premier à ajouter un tag!

MARC

LEADER 00000cam a22000004a 4500
005 20251006094720.0
020 |a 9780073403298  |c TZs.10000/= 
040 |a MCCL  |b eng.  |e AACR 2nd rev. ed. 
082 0 0 |a 658.5 JAC 
100 1 |a Jacobs, F. Robert. 
245 1 0 |a Operations and supply management /  |c F. Robert Jacobs, Richard B. Chase and Nicholas J. Aquilano. 
250 |a 12th ed. 
260 |a Boston :  |b McGraw-Hill-Irwin  |c 2009. 
300 |a xix, 776 p. :  |b col. ill. ;  |c 29cm.  
440 |a McGraw-Hill-Irwin seris Operations and decision sciences 
504 |a Includes index. 
505 |a Strategy Operations and supply strategy Linear programming using the excel solver Project management Product and service design Processes Strategic capacity managment Learning curves Process analysis Job design and work measurement Management processes Facility layout Service processes Waiting line analysis Six-sigma quality Process capability and SPC Supply chain design Supply chain strategy Logistics and facility location Lean manufacturing Operations consulting and reengineering Planning and controlling the supply chain Enterprise resource planning systems Demand management and forecasting Aggregate sales and operations planning Inventory control Material requirements planning Scheduling Simulation Constraint management 
546 |a eng. 
650 0 |a Production management. 
700 1 |a Chase, Richard B. 
700 1 |a Aquilano, Nicholas J. 
942 |c BK 
999 |c 12005  |d 12005